Loading...
| Fine Arts - Classical Music and Opera | 8 | 20.00 | 75% | 75% | 50% |
| Fine Arts - Other Arts | 7 | 11.43 | 57% | 43% | 14% |
| Fine Arts - Painting and Sculpture | 6 | 13.33 | 100% | 33% | 0% |
| Geography | 2 | 15.00 | 100% | 50% | 0% |
| History - American History | 7 | 14.29 | 100% | 29% | 14% |
| History - European History | 7 | 7.14 | 71% | 0% | 0% |
| History - Other History | 7 | 12.86 | 86% | 43% | 0% |
| History - World History | 5 | 12.00 | 60% | 20% | 40% |
| Literature - American Literature | 8 | 15.00 | 88% | 63% | 0% |
| Literature - British Literature | 6 | 16.67 | 100% | 50% | 17% |
| Literature - European Literature | 8 | 15.00 | 88% | 50% | 13% |
| Literature - World Literature | 7 | 21.43 | 100% | 86% | 29% |
| Modern World | 1 | 10.00 | 100% | 0% | 0% |
| Mythology | 4 | 12.50 | 75% | 25% | 25% |
| Other Academic | 3 | 13.33 | 67% | 33% | 33% |
| Other Culture | 2 | 10.00 | 100% | 0% | 0% |
| Other Science (Astronomy) | 1 | 20.00 | 100% | 0% | 100% |
| Other Science (Computer Science) | 2 | 20.00 | 100% | 100% | 0% |
| Other Science (Math) | 2 | 15.00 | 100% | 50% | 0% |
| Philosophy | 3 | 16.67 | 100% | 67% | 0% |
| Religion | 7 | 8.57 | 71% | 0% | 14% |
| Science - Biology | 9 | 10.00 | 89% | 11% | 0% |
| Science - Chemistry | 8 | 10.00 | 63% | 25% | 13% |
| Science - Physics | 6 | 8.33 | 83% | 0% | 0% |
| Social Science | 7 | 10.00 | 71% | 29% | 0% |